| 000 | 00837nam a22002531u 4500 | ||
|---|---|---|---|
| 001 | 05901 | ||
| 003 | HDC | ||
| 007 | cr cn ---aaaaa | ||
| 008 | 210121p2017 my | d 00 mayg | ||
| 040 | _aHDC | ||
| 110 |
_aMalaysia. _bJabatan Kemajuan Islam _eissuing body |
||
| 245 | 0 | _aLaporan Tahunan 2017 | |
| 260 |
_aPutrajaya: _bJabatan Kemajuan Islam, _c2017 |
||
| 300 | _a 1 online resource (226 pages) | ||
| 336 |
_atext _2rdacontent |
||
| 337 |
_acomputer _2rdamedia |
||
| 338 |
_aonline resource _2rdacarrier |
||
| 650 |
_aModal insan _zMalaysia _96222 |
||
| 650 |
_apembangunan sistem _96223 |
||
| 856 | _zRequest full-text at [email protected] | ||
| 942 | _2lcc | ||
| 942 | _cEIS | ||
| 942 | _kREPT 000221 | ||
| 999 |
_c3225 _d3225 |
||